000 00666nam a2200181 4500
008 160322b xxu||||| |||| 00| 0 eng d
020 _a9781412969574
082 _22010
_aDC 302.2
_bD85
100 _94274
_aDuck, Steve
245 _aCommunication in everyday life:
_bthe basic course edition with public speaking/
_cSteve Duck and David T. McMahan.
260 _aLos Angeles:
_bSage,
_c©2010.
300 _axxxi, 415 pages:
_bcolor illustrations;
_c25 cm.
500 _aIncludes bibliographical references, glossary and indexes.
650 0 _94275
_aCommunication
700 _94276
_aMcMahan, David T.
_eCo-author
365 _b4, 750.00
_cPhp
942 _2ddc
_cDC
999 _c1412
_d1412